000 00741cam a22002171 4500
001 ca 30000103
003 DLC
005 20260227111122.0
008 900129s1923 pl b 000 0 pol
010 _aca 30000103
035 _a(OCoLC)20970796
040 _aDLC
_cCU
_dCU
_dDLC
050 0 0 _aD530
_b.C65
100 1 _aCorda, H.
_q(Henri),
_d1871-1950.
245 1 0 _aBitwa na froncie zachodnim w 1918 r.;
_cz francuskiego prezełożył mjr. Stanisław Kara.
260 _aWarszawa,
_bWojskowy instytut naukowo-wydawniczy,
_c1923.
300 _a119 p.
_b11 fold. maps (in pocket)
_c24 cm.
500 _aAt head of title: Podpułkownik Corda.
650 0 _aWorld War, 1914-1918
_xCampaigns
_zWestern Front.
700 1 _aKara, Stanisław,
_etr.
999 _c16583
_d16583